[Event "EIWCC 2018"]
[Site "Vysoke Tatry"]
[Date "2018.04.11"]
[Round "4"]
[White "Atalik, Ekaterina"]
[Black "Theissl Pokorna, Regina"]
[Result "1/2-1/2"]
[WhiteElo "2452"]
[BlackElo "2320"]
[Annotator "TA"]
[PlyCount "105"]
[EventDate "2018.??.??"]
[EventType "swiss"]
[EventCountry "SVK"]
[SourceTitle "playchess.com"]
[Source "ChessBase"]
[SourceQuality "1"]

{[%evp 13,105,25,32,32,35,3,2,-3,0,-22,-13,-18,2,-7,-7,-7,-15,-13,0,0,-2,-49,2,4,0,-12,-10,-20,0,0,13,13,13,11,12,10,6,6,4,5,5,0,0,4,6,7,4,0,32,32,32,32,33,32,42,34,56,13,35,0,4,0,0,0,0,0,0,0,0,0,0,0,4,0,0,0,4,0,4,4,4,4,4,0,0,0,0,0,0,0,0,0,0,0]} 1. d4 Nf6 2. c4 e6 3. Nf3 Bb4+ 4. Nbd2 {[%cal Bb1d2,Bd2f1,Bf1e3,Be3d5][%mdl 32]} O-O 5. a3 Be7 6. e4 d6 {E11: Bogo-Indian} 7. Be2 Nfd7 {[%cal Bf6d7,Bd7c5,Bc5e4][%mdl 32] LiveBook: 15 Games} (7... c5 8. d5 e5 9. Qc2 Nbd7 10. Nf1 a6 11. Bd2 Nh5 12. g3 g6 13. Ne3 Ng7 14. Bd3 {½-½ (35) Ding,L (2774)-Carlsen,M (2837) Saint Louis 2017}) 8. Nf1 e5 {White is slightly better.} 9. Ne3 $146 ({Predecessor:} 9. Ng3 exd4 10. Nxd4 Re8 11. O-O Bf6 12. Rb1 a5 13. b3 Nc5 14. f3 {0-1 (33) Shinkevich,V (2466)-Gasanov,E (2505) Nizhny Tagil 2015}) 9... exd4 10. Nxd4 Nc5 11. Nd5 Nxe4 12. O-O Bf6 13. Re1 Bh4 14. g3 {Black must now prevent Bf3.} c6 15. Nf4 Bf6 16. Nh5 Nd7 {[%cal Bb8d7,Bd7e5,Be5f3][%mdl 32]} 17. Bf3 d5 (17... Nec5 $15) 18. cxd5 cxd5 19. Nf4 Ne5 {[#]} 20. Nxd5 $1 {[%mdl 512]} Nxf3+ (20... Qxd5 21. Bxe4) 21. Nxf3 Bg4 22. Rxe4 Bxf3 $1 {[#]} 23. Ne7+ $1 {[%mdl 512]} Qxe7 (23... Bxe7 24. Qxf3) 24. Qxf3 Qd7 25. Rb4 b6 26. Be3 Rfd8 27. a4 Qd5 28. Kg2 Rac8 29. Qxd5 Rxd5 30. Rb5 Rd6 31. a5 bxa5 32. Raxa5 a6 33. Rb7 h6 34. b4 Re6 35. Rc5 (35. Rd5 {is more complex.} Bb2 36. h4 Rc4 37. Rdd7 Rf6 38. b5) 35... Rxc5 (35... Ree8 {looks sharper.} 36. h4 Rb8 37. Ra7 Rxb4 38. Rxa6 Rb2) 36. Bxc5 $11 {[%mdl 4096] Endgame KRB-KRB} (36. bxc5 {keeps more tension.} Kf8 37. h4 Ke8 38. Kf3 Be7 39. h5) 36... Bc3 {The position is equal.} 37. g4 g5 38. Kf3 Kg7 39. Rd7 Kg6 40. Rd3 Bb2 41. Rd5 Ba3 42. h3 Bb2 43. Kg3 Be5+ 44. Kg2 h5 45. Kf3 hxg4+ 46. hxg4 Bc3 47. Rd3 Bb2 48. Be3 f5 49. Bc5 fxg4+ 50. Kxg4 Re4+ 51. Kf3 Kf5 52. Rb3 Bd4 53. Bxd4 {Precision: White = 70%, Black = 67%.} 1/2-1/2

[Event "EIWCC 2018"]
[Site "Vysoke Tatry"]
[Date "2018.04.11"]
[Round "4"]
[White "Zawadzka, Jolanta"]
[Black "Velikic, Adela"]
[Result "1/2-1/2"]
[WhiteElo "2442"]
[BlackElo "2241"]
[Annotator "TA"]
[PlyCount "59"]
[EventDate "2018.??.??"]
[EventType "swiss"]
[EventCountry "SVK"]
[SourceTitle "playchess.com"]
[Source "ChessBase"]
[SourceQuality "1"]

{[%evp 12,59,6,0,55,10,36,24,27,16,39,47,66,24,9,11,22,0,0,-23,36,-30,-25,-26,-29,-115,-93,-93,-73,-99,-27,-40,-50,-32,-41,-70,-29,-40,-23,-36,0,0,0,0,0,0,0,-28,0,0]} 1. e4 e6 2. d4 d5 3. Nc3 {[%cal Bb1c3,Bc3e2,Be2d4][%mdl 32]} Nf6 4. e5 Nfd7 5. Nce2 c5 6. c3 Nc6 7. Nf3 {LiveBook: 200 Games} Nb6 {C11: French: Classical System: 4 e5 and 4 Bg5 dxe4} ({Better is} 7... Be7 $11) (7... b5 8. a3 b4 9. axb4 cxb4 10. Nf4 a5 11. Bd3 Ba6 12. O-O Qb6 13. Ng5 Bxd3 14. Qxd3 Be7 15. Qg3 g6 {1-0 (37) Ni,H (2671)-Short,N (2678) Riadh 2017}) 8. b3 $146 ({Predecessor:} 8. Nf4 Qc7 9. Bd3 cxd4 10. cxd4 Nb4 11. O-O Nxd3 12. Nxd3 h6 13. Bd2 Nc4 14. Be1 Be7 15. a4 {½-½ (49) Novoselski,Z (2400)-Nikolic,Z (2450) Kladovo 1989}) 8... cxd4 9. Nexd4 Nd7 {White has an edge.} 10. Bf4 Be7 11. Bd3 g5 12. Bg3 (12. Nxg5 $5 Ndxe5 13. Bb5 $14 (13. Nxh7 Ng6 $11)) 12... h5 $36 {[%cal Bh7h5,Bh5g4][%mdl 2080] [#] Threatens to win with ...h4. Black is pushing.} 13. h3 Nc5 14. Bc2 Bd7 $1 15. Qe2 a6 (15... Qa5 $11 16. Qe3 Ne4) 16. O-O (16. a4 $14) 16... g4 $1 $11 {[%cal Rg4f3]} 17. hxg4 hxg4 18. Ne1 (18. Nh2 $11 {keeps the balance.}) 18... Nxd4 $17 19. cxd4 Bb5 20. Nd3 Nxd3 (20... Ne4 $17 {Strongly threatening ...Ba3.} 21. a4 Bxd3 22. Bxd3 Nxg3 23. fxg3 Bg5) 21. Bxd3 $11 Bxd3 22. Qxd3 Kd7 23. Rfc1 Qg8 24. Rc2 Qg5 25. Rac1 $1 Rac8 (25... Bd8 {is more complex.} 26. Qc3 Qh5 27. f4 gxf3 28. gxf3 Qg6) 26. Rxc8 Rxc8 27. Rxc8 Kxc8 28. Qc2+ Kd7 29. Kf1 Qf5 30. Qxf5 {Precision: White = 42%, Black = 42%.} 1/2-1/2

[Event "EIWCC 2018"]
[Site "Vysoke Tatry"]
[Date "2018.04.11"]
[Round "4"]
[White "Tsolakidou, Stavroula"]
[Black "Babiy, Olga"]
[Result "1/2-1/2"]
[WhiteElo "2430"]
[BlackElo "2318"]
[Annotator "TA"]
[PlyCount "66"]
[EventDate "2018.??.??"]
[EventType "swiss"]
[EventCountry "SVK"]
[SourceTitle "playchess.com"]
[Source "ChessBase"]
[SourceQuality "1"]

{[%evp 15,66,32,48,40,50,46,43,46,62,57,53,57,68,48,53,60,54,4,4,4,4,4,6,7,18,0,0,0,0,0,0,0,0,0,9,-16,-16,-24,-29,-80,-60,-43,0,0,0,0,0,0,0,0,0,0,-4]} 1. e4 c5 2. Nf3 e6 3. d4 cxd4 4. Nxd4 Nc6 5. Nc3 Qc7 6. Be3 a6 7. Qf3 {B48: Sicilian: Taimanov: 5 Nc3 Qc7 6 Be3 a6 without Be2} (7. Qd2 Nf6 8. f4 Bb4 9. Bd3 Na5 10. a3 Bxc3 11. Qxc3 Qxc3+ 12. bxc3 d5 13. exd5 exd5 14. Nb3 Nc4 15. Bd4 Ne4 {1-0 (57) Carlsen,M (2834)-Matlakov,M (2718) Wijk aan Zee 2018}) 7... Nf6 8. O-O-O Rb8 {LiveBook: 3 Games} 9. Be2 {White is slightly better.} Bb4 10. Nxc6 bxc6 11. Bg5 $146 ({Predecessor:} 11. Bd4 Bd6 12. Qd3 c5 13. Be3 Be5 14. Qc4 Qb6 {1-0 (74) Sethuraman,S (2619)-Fier,A (2562) Fufeng 2017}) 11... d5 12. Bxf6 gxf6 13. Qxf6 Rg8 14. Bh5 {[%cal Re4d5]} Qe7 15. Qxe7+ Kxe7 16. g3 (16. Bf3 {seems wilder.} Bc5 17. Rd2 a5 18. g3 Rg6 19. Bg2) 16... Bxc3 $1 17. bxc3 dxe4 18. Rd4 c5 19. Ra4 Rb6 20. Rf1 Bb7 21. Be2 f5 22. Kd2 e5 23. Ra5 Rc8 24. Ke3 Rb2 25. f4 Rxc2 26. fxe5 Ke6 27. Rb1 (27. g4 $1 $11 Rxc3+ 28. Kd2) 27... Bd5 ({Don't blunder} 27... Rxc3+ $2 28. Kd2 $18) 28. Bxa6 Rc7 29. c4 $1 {[%cal Rc4d5] The position is equal.} Bxc4 30. Bxc4+ Rxc4 31. Kf4 {And now Rb6+ would win.} e3+ 32. Kxe3 Kxe5 33. Rb2 h5 {Precision: White = 64%, Black = 63%.} 1/2-1/2

[Event "EIWCC 2018"]
[Site "Vysoke Tatry"]
[Date "2018.04.11"]
[Round "4"]
[White "Vega Gutierrez, Sabrina"]
[Black "Osmanodja, Filiz"]
[Result "0-1"]
[WhiteElo "2425"]
[BlackElo "2300"]
[Annotator "TA"]
[PlyCount "92"]
[EventDate "2018.??.??"]
[EventType "swiss"]
[EventCountry "SVK"]
[SourceTitle "playchess.com"]
[Source "ChessBase"]
[SourceQuality "1"]

{[%evp 20,92,29,34,54,40,87,91,88,29,41,0,5,6,14,-2,0,0,25,-43,0,-114,-105,-215,-184,-594,-582,-649,-642,-646,-638,-640,-624,-711,-705,-679,-668,-1035,-1022,-925,-971,-1140,-1050,-970,-715,-710,-680,-675,-665,-662,-642,-1386,-532,-933,-900,-5758,-5750,-5732,-5732,-5700,-5698,-5591,-4714,-4782,-2620,-1567,-1415,-29959,-29960,-5591,-5616,-29967,-29968,-6016,-5921]} 1. e4 c5 2. Nf3 d6 3. d4 cxd4 4. Nxd4 Nf6 5. Nc3 Nc6 6. Bg5 e6 7. Qd2 a6 8. Nxc6 {B66: Sicilian: Richter-Rauzer: 7...a6 8 0-0-0 h6} (8. O-O-O h6 9. Nxc6 bxc6 10. Bf4 d5 11. Qe3 Bb4 12. Be2 O-O 13. e5 Nd7 14. Qg3 Kh8 15. Qh3 Kg8 16. Rd3 Be7 17. Rg3 Bh4 18. Bxh6 g6 19. Rg4 Bxf2 20. Rf1 Bc5 21. Bg5 Be7 22. Bxe7 Qxe7 23. Qh6 Nxe5 24. Rh4 {1-0 (24) Wang,H (2709)-Ivanchuk,V (2726) Huaian 2017}) 8... bxc6 9. O-O-O Be7 10. Bxf6 gxf6 11. Bc4 {LiveBook: 8 Games} h5 12. Rhe1 Qa5 13. f4 Rb8 14. Re3 $146 (14. f5 $16) ({Predecessor:} 14. Bb3 Qc5 15. f5 e5 {0-1 (46) Debashis,D (2489)-Gupta,A (2619) Abu Dhabi 2015}) 14... f5 $11 15. exf5 Qxf5 16. Qd4 Rg8 17. g3 $132 {[%mdl 2048] White has counterplay} Rb4 18. b3 Qa5 19. Qe4 (19. Ne4 $11 d5 20. Qe5) 19... d5 20. Qh7 (20. Qe5 $1 $11) 20... Rf8 $17 21. Bxd5 (21. Be2 $17) 21... cxd5 $19 22. Nxd5 $2 (22. Qxh5 {is more resistant.} Rb7 23. Kb1) 22... exd5 23. Qxh5 Re4 (23... Qxa2 $2 {[#]} 24. Rxe7+ $1 {[%mdl 512]} Kxe7 25. Qe5+ Be6 26. Qc7+ Ke8 27. Qc6+ Bd7 28. Re1+ Kd8 29. Qf6+ Kc7 30. Qc3+ Rc4 31. bxc4 $19) 24. Rxe4 Qa3+ 25. Kb1 dxe4 26. Qh7 Qb4 27. a3 Qb7 28. f5 Bf6 29. Qh6 Qe7 {[#] White must now prevent ...Qe5.} 30. Qe3 Qe5 {[%csl Gf6][%cal Re5b2]} 31. c3 Qxc3 32. Qxc3 Bxc3 33. Rc1 Bxf5 34. Rxc3 {[%mdl 4096] Endgame KRB-KR} Kd7 35. Rc5 Bg6 (35... e3+ $142 36. Kb2 e2) 36. Rd5+ Kc6 37. Ra5 Re8 38. Kc1 e3 {[%cal Be4e3,Be3e2][%mdl 32] ( -> ...e2)} 39. Kd1 Bd3 40. b4 Kb6 41. Rd5 e2+ 42. Ke1 Re3 43. Rd6+ Kc7 44. Rf6 Bc4 45. Rf4 Rc3 46. Kd2 Rc1 {Precision: White = 34%, Black = 67%.} 0-1

[Event "EIWCC 2018"]
[Site "Vysoke Tatry"]
[Date "2018.04.11"]
[Round "4"]
[White "Bulmaga, Irina"]
[Black "Gunina, Valentina"]
[Result "0-1"]
[WhiteElo "2414"]
[BlackElo "2507"]
[Annotator "TA"]
[PlyCount "66"]
[EventDate "2018.??.??"]
[EventType "swiss"]
[EventCountry "SVK"]
[SourceTitle "playchess.com"]
[Source "ChessBase"]
[SourceQuality "1"]

{[%evp 15,66,14,27,10,8,0,3,0,6,0,0,-45,-44,-72,-76,-98,-98,-93,-97,-94,-85,-109,-77,-77,-68,-106,-106,-177,-185,-178,-185,-196,-207,-203,-203,-204,-201,-252,-241,-254,-217,-241,-246,-347,-231,-394,-392,-560,-546,-566,-538,-1375,-1322]} 1. e4 e5 2. Nf3 Nc6 3. Bb5 Nf6 4. d3 Bc5 5. Bxc6 dxc6 6. Nbd2 {C65: Ruy Lopez: Berlin Defence (3...Nf6), unusual lines and 4 0-0 Bc5} (6. O-O Qe7 7. h3 Rg8 8. Kh1 Nh5 9. c3 g5 10. Nxe5 g4 11. d4 Bd6 12. g3 Bxe5 13. dxe5 Qxe5 {0-1 (27) Aronian,L (2794)-Kramnik,V (2800) Berlin 2018}) 6... O-O 7. O-O Qe7 8. Nc4 Nd7 {LiveBook: 9 Games} 9. Qe2 f6 $146 ({Predecessor:} 9... Re8 10. Bd2 f6 11. c3 Nf8 12. Rfe1 Bg4 13. b4 Bd6 {1-0 (67) Baches Garcia,G (2377)-Del Amo Carbo,J (2112) Barcelona 2014}) 10. Bd2 Rd8 11. a3 Nf8 12. b4 Bd6 13. d4 exd4 14. Qd3 Be6 15. Nxd4 c5 16. bxc5 Bxc5 17. c3 Qf7 $36 {[%mdl 2048] Black is in control.} 18. Ne3 Bb6 {[#] White must now prevent ...c5.} 19. Qb1 c6 20. Nxe6 Rxd2 21. Nc4 (21. Qe1 $17 {is a better defense.} Rd7 22. Nxf8 Rxf8 23. Rd1) 21... Rxf2 22. Nxb6 Rxf1+ 23. Kxf1 axb6 {[%cal Ba7b6,Bb6b5][%mdl 32]} 24. Nxf8 Qc4+ ({Don't do} 24... Kxf8 25. Qxb6 Qc4+ 26. Kf2 $17) 25. Kg1 {Threatening Nd7.} Qc5+ ({Don't play} 25... Kxf8 26. Qxb6 Qxc3 27. Rd1 $17) 26. Kh1 Kxf8 $19 {[%mdl 4096] Endgame KQR-KQR} 27. Qd3 h6 28. h3 b5 29. Rd1 (29. Qd7 {might work better.}) 29... Kg8 ({Not} 29... Qxa3 {[#]} 30. e5 $1 $11 {[%mdl 512]}) 30. Qd7 $2 (30. e5 {was called for.} Qxe5 31. c4) 30... Rxa3 31. Qxb7 (31. c4 {was necessary.}) 31... Rxc3 {Black is clearly winning.} 32. Qc8+ Kh7 33. Rf1 Rc1 {Precision: White = 33%, Black = 100%.} 0-1

[Event "EIWCC 2018"]
[Site "Vysoke Tatry"]
[Date "2018.04.11"]
[Round "4"]
[White "Nechaeva, Marina"]
[Black "Sebag, Marie"]
[Result "1/2-1/2"]
[WhiteElo "2413"]
[BlackElo "2492"]
[Annotator "TA"]
[PlyCount "45"]
[EventDate "2018.??.??"]
[EventType "swiss"]
[EventCountry "SVK"]
[SourceTitle "playchess.com"]
[Source "ChessBase"]
[SourceQuality "1"]

{[%evp 33,45,15,25,15,15,15,15,12,14,10,18,19,19,11]} 1. d4 d5 2. c4 c6 3. Nc3 Nf6 4. e3 e6 {[%cal Be7e6,Be6e5][%mdl 32]} 5. Nf3 Nbd7 6. Qc2 Bd6 7. Bd3 O-O 8. O-O e5 9. cxd5 cxd5 10. e4 exd4 11. Nxd5 Nxd5 12. exd5 h6 13. Nxd4 Qh4 {D46: Semi-Slav: 5 e3 Nbd7 6 Bd3, Black avoids the Meran} 14. Nf3 Qh5 15. Bh7+ Kh8 16. Qf5 Qxf5 17. Bxf5 Nf6 {LiveBook: 41 Games} 18. Bxc8 (18. Bd3 Bg4 19. Rd1 Rac8 20. h3 Bxf3 21. gxf3 {½-½ (32) Wang,H (2690)-Ding,L (2759) China 2017}) 18... Rfxc8 {The position is equal.} 19. Rd1 Rd8 20. Be3 Be7 21. d6 Rxd6 22. Rxd6 Bxd6 {[#]} 23. Rd1 $146 1/2-1/2

[Event "EIWCC 2018"]
[Site "Vysoke Tatry"]
[Date "2018.04.11"]
[Round "4"]
[White "Danielian, Elina"]
[Black "Kashlinskaya, Alina"]
[Result "1/2-1/2"]
[WhiteElo "2410"]
[BlackElo "2450"]
[Annotator "TA"]
[PlyCount "133"]
[EventDate "2018.??.??"]
[EventType "swiss"]
[EventCountry "SVK"]
[SourceTitle "playchess.com"]
[Source "ChessBase"]
[SourceQuality "1"]

{[%evp 21,133,-8,-12,0,0,0,0,-2,0,-6,0,-54,-61,-83,-88,-122,-57,-57,-60,-50,-12,-15,-10,-11,-15,-14,-13,-58,-58,-60,-59,-58,-10,-16,-14,-7,-8,-8,0,-7,0,0,0,-8,7,7,73,87,139,133,193,25,35,35,65,72,61,30,19,0,0,-8,-8,-8,0,0,0,0,0,0,14,14,75,75,75,75,75,75,75,75,75,75,75,75,75,55,68,51,75,43,43,43,43,43,43,0,0,0,0,0,0,0,0,0,0,0,8,0,0,0,8,0,0,0]} 1. d4 Nf6 2. Nf3 d5 3. c4 e6 4. Nc3 Bb4 5. cxd5 exd5 6. Qc2 O-O 7. Bg5 {E32: Nimzo-Indian: Classical (4 Qc2): 4...0-0} (7. Bf4 Nbd7 8. e3 Re8 9. Bd3 c5 10. a3 Bxc3+ 11. Qxc3 c4 12. Bc2 Ne4 13. Bxe4 dxe4 14. Nd2 b5 {½-½ (63) Nakamura,H (2792)-Aronian,L (2799) Saint Louis 2017}) 7... h6 8. Bh4 c5 9. dxc5 Nbd7 10. e3 g5 11. Bg3 Nxc5 {LiveBook: 4 Games} 12. Be2 Nfe4 13. O-O Bxc3 14. bxc3 Bf5 15. Qb2 $146 Qe7 16. Nd4 (16. Rfd1 $11) 16... Bg6 $15 17. c4 h5 $1 18. Nb5 {[#]} a6 (18... dxc4 $1 $17 19. Bxc4 Rfd8) 19. Nc3 $1 {[%cal Rc3d5]} Qf6 20. Nd1 Qxb2 (20... dxc4 $5 {[%cal Rc4c3]} 21. Qxf6 Nxf6 22. Bxc4 Nfe4 $15) 21. Nxb2 Nxg3 22. hxg3 Rfd8 23. Rfd1 Ne4 {And now ...Nc3 would win.} 24. Rac1 dxc4 25. Rxc4 b5 26. Rc6 Rxd1+ (26... Rdc8 {NOTEXT} 27. Rdc1 Rxc6 28. Rxc6 Rd8 29. Bd3 Kg7) 27. Nxd1 g4 28. Kf1 Bf5 29. Ke1 Kg7 30. a3 Bd7 31. Rc7 Be6 32. Nb2 Rd8 33. Nd3 Bc4 (33... Bf5 $11) 34. Nf4 $16 Bb3 (34... Kg8 $142) 35. Nxh5+ Kg6 (35... Kf8 $16 36. Bxg4 Rd5 37. Rc8+ Ke7) 36. f3 $2 ({Better is} 36. Bxg4 $18 {aiming for Nf4+.} Rd6 37. Be2) 36... Kxh5 $11 37. fxe4 {[%mdl 4096] Endgame KRB-KRB} Re8 38. Rc5+ Kh6 39. e5 Kg5 40. e6+ f5 41. e4 Bxe6 42. Kd2 Kf6 43. Rc6 fxe4 44. Rxa6 Ke5 45. Bxb5 Rh8 46. Ke3 {Threatens to win with Ra5.} Rh2 {[#]} (46... Bd5 $11 {keeps the balance.}) 47. Ra5 $1 $16 Kf6 48. Kxe4 Rxg2 49. Ra6 Rxg3 50. Bd7 Rxa3 51. Rxe6+ {KRB-KR} Kg5 52. Re8 Ra6 53. Re5+ Kh4 54. Kf4 Rb6 55. Bf5 Rb4+ 56. Be4 Rb2 57. Re8 {[%cal Re8h8]} Rf2+ 58. Ke5 (58. Ke3 $5 {[%cal Re3f2]} Rf1 59. Bd3 Rf3+ 60. Ke4 $11) 58... g3 $1 {The position is equal.} 59. Rh8+ Kg4 60. Rg8+ Kh3 $1 61. Kd4 g2 62. Ke3 Ra2 63. Bd5 $1 {[%cal Rd5a2]} Kh2 64. Rh8+ Kg3 65. Rg8+ Kh2 66. Rh8+ Kg3 67. Rg8+ {Precision: White = 61%, Black = 59%.} 1/2-1/2

[Event "EIWCC 2018"]
[Site "Vysoke Tatry"]
[Date "2018.04.11"]
[Round "4"]
[White "Shvayger, Yuliya"]
[Black "Hoang, Thanh Trang"]
[Result "1-0"]
[WhiteElo "2404"]
[BlackElo "2437"]
[Annotator "TA"]
[PlyCount "29"]
[EventDate "2018.??.??"]
[EventType "swiss"]
[EventCountry "SVK"]
[SourceTitle "playchess.com"]
[Source "ChessBase"]
[SourceQuality "1"]

{[%evp 23,29,130,183,188,195,187,919,911]} 1. d4 f5 2. Nf3 Nf6 3. c4 g6 4. g3 Bg7 5. Bg2 O-O 6. O-O d6 7. Nc3 Qe8 8. Re1 Qf7 9. e4 {A87: Dutch Defence: Leningrad System: 5 Nf3} Nxe4 (9... fxe4 10. Ng5 Qxc4 11. Ngxe4 Nxe4 12. Rxe4 Qf7 13. Rf4 Bf6 14. Nd5 g5 15. Rf3 Nc6 16. h3 h6 17. Nxf6+ exf6 {0-1 (71) Bacrot,E (2686)-Ivanchuk,V (2720) Ashdod 2015}) 10. Nxe4 fxe4 11. Rxe4 Qxc4 12. Rxe7 Bg4 {[#] LiveBook: 3 Games} (12... Bf6 $16 {was necessary.} 13. Bf1 Qc6 14. Qb3+ d5) 13. Bf4 $146 {aiming for Rc1.} ({Predecessor:} 13. Ne5 Bxd1 14. Nxc4 Nc6 15. Rxc7 Nxd4 16. Bd5+ Kh8 {1-0 (24) Gharamian,T (2611)-Philippe,C (2430) Sautron 2009}) 13... Na6 14. Nd2 Qxa2 $2 (14... Bxd1 15. Nxc4 Bf6) 15. Qc1 1-0

[Event "EIWCC 2018"]
[Site "Vysoke Tatry"]
[Date "2018.04.11"]
[Round "4"]
[White "Szczepkowska, Karina"]
[Black "Ilyuchyk, Yana"]
[Result "1/2-1/2"]
[WhiteElo "2403"]
[BlackElo "2098"]
[Annotator "ChessBase"]
[PlyCount "83"]
[EventDate "2018.??.??"]
[EventType "swiss"]
[EventCountry "SVK"]
[SourceTitle "playchess.com"]
[Source "ChessBase"]
[SourceQuality "1"]
[TimeControl "40/5400+30:1800+30"]

1. d4 {[%emt 0:00:00]} Nf6 {[%emt 0:00:05]} 2. c4 {[%emt 0:00:00]} d6 {[%emt 0:00:03]} 3. Nc3 {[%emt 0:00:08]} Nbd7 {[%emt 0:00:06]} 4. e4 {[%emt 0:01:59]} e5 {[%emt 0:00:21]} 5. Nf3 {[%emt 0:00:23]} g6 {[%emt 0:00:12]} 6. Be2 {[%emt 0:01:26]} Bg7 {[%emt 0:00:06]} 7. O-O {[%emt 0:00:05]} O-O {[%emt 0:00:04]} 8. Be3 {[%emt 0:00:22]} Qe7 {[%emt 0:00:11]} 9. d5 {[%emt 0:09:51]} Nc5 {[%emt 0:06:01]} 10. Nd2 {[%emt 0:04:18]} a5 {[%emt 0:03:41]} 11. b3 {[%emt 0:07:28]} Ne8 {[%emt 0:09:34]} 12. a3 {[%emt 0:01:35]} f5 {[%emt 0:00:37]} 13. f3 {[%emt 0:01:33]} Nf6 {[%emt 0:07:35]} 14. Rb1 {[%emt 0:13:20]} Bd7 {[%emt 0:06:49]} 15. b4 {[%emt 0:01:59]} axb4 {[%emt 0:00:13]} 16. axb4 {[%emt 0:00:05]} Na4 {[%emt 0:00:07]} 17. Nxa4 {[%emt 0:01:28]} Rxa4 {[%emt 0:05:13]} 18. c5 {[%emt 0:02:09]} Ra3 {[%emt 0:07:46]} 19. Bf2 {[%emt 0:05:23]} Bh6 {[%emt 0:13:48]} 20. Nc4 {[%emt 0:06:23]} Ra2 {[%emt 0:11:17]} 21. c6 {[%emt 0:12:00]} bxc6 {[%emt 0:03:33]} 22. dxc6 {[%emt 0:00:15]} Be6 {[%emt 0:02:53]} 23. exf5 {[%emt 0:06:50]} gxf5 {[%emt 0:00:51]} 24. Ra1 {[%emt 0:03:40]} Rxa1 {[%emt 0:02:49]} 25. Qxa1 {[%emt 0:00:01]} Nd5 {[%emt 0:00:12]} 26. Rb1 {[%emt 0:01:02]} Qg7 {[%emt 0:01:56]} 27. Bf1 {[%emt 0:01:01]} Nf4 {[%emt 0:00:44]} 28. g3 {[%emt 0:07:59]} Bd5 {[%emt 0:01:21]} 29. Qc3 {[%emt 0:01:49]} Ne6 {[%emt 0:04:12]} 30. b5 {[%emt 0:03:30]} Nd4 {[%emt 0:04:26]} 31. Bxd4 {[%emt 0:00:07]} exd4 {[%emt 0:00:02]} 32. Qd3 {[%emt 0:00:55]} Kh8 {[%emt 0:04:03]} 33. Bg2 {[%emt 0:04:18]} Bxc4 {[%emt 0:01:49]} 34. Qxc4 {[%emt 0:00:07]} Be3+ {[%emt 0:00:07]} 35. Kh1 {[%emt 0:00:21]} f4 {[%emt 0:02:12]} 36. g4 {[%emt 0:02:31]} d3 {[%emt 0:01:13]} 37. Qxd3 {[%emt 0:00:05]} Ra8 {[%emt 0:00:27]} 38. Bf1 {[%emt 0:01:28]} Ra1 {[%emt 0:01:16]} 39. Qe4 {[%emt 0:00:53]} Rxb1 {[%emt 0:01:10]} 40. Qxb1 {[%emt 0:00:00]} Qe5 {[%emt 0:00:39]} 41. Bd3 {[%emt 0:02:37]} h6 {[%emt 0:01:10]} 42. Kg2 {[%emt 0:09:02]} 1/2-1/2

[Event "EIWCC 2018"]
[Site "Vysoke Tatry"]
[Date "2018.04.11"]
[Round "4"]
[White "Hoolt, Sarah"]
[Black "Ionescu, Irina"]
[Result "1/2-1/2"]
[WhiteElo "2393"]
[BlackElo "2247"]
[Annotator "NA"]
[PlyCount "79"]
[EventDate "2018.??.??"]
[EventType "swiss"]
[EventCountry "SVK"]
[SourceTitle "playchess.com"]
[Source "ChessBase"]
[SourceQuality "1"]
[TimeControl "40/5400+30:1800+30"]

1. e4 {[%emt 0:00:00]} e5 {[%emt 0:00:14]} 2. Nc3 {[%emt 0:00:00]} Nf6 {[%emt 0:00:31]} 3. g3 {[%emt 0:00:00]} d5 {[%emt 0:01:13]} 4. exd5 {[%emt 0:00:06]} Nxd5 {[%emt 0:00:08]} 5. Bg2 {[%emt 0:00:09]} Nxc3 {[%emt 0:07:47]} 6. bxc3 {[%emt 0:00:05]} Bd6 {[%emt 0:01:21]} 7. Nf3 {[%emt 0:01:06]} O-O {[%emt 0:02:36]} 8. O-O {[%emt 0:01:25]} Nc6 {[%emt 0:02:57]} 9. Rb1 {[%emt 0:01:47]} Bg4 {[%emt 0:06:52] C47: Scotch Four Knights and Four Knights with 4 g3} (9... Rb8 10. d3 Bf5 11. h3 b6 12. Ng5 Qd7 13. g4 Bg6 14. h4 f6 15. h5 Be8 16. Ne4 h6 17. Ng3 {0-1 (45) Chigaev,M (2560)-Kuzubov,Y (2689) Batumi 2018}) 10. h3 {[%emt 0:03:25]} Bh5 {[%emt 0:00:16]} 11. Qe1 {[%emt 0:06:21]} Rb8 {[%emt 0:05:42]} 12. d3 {[%emt 0:02:00] LiveBook: 5 Games} Re8 {[%emt 0:02:13]} 13. Nh4 $146 {[%emt 0:09:10]} ({Predecessor:} 13. Ng5 Bg6 14. Rxb7 Rxb7 15. Bxc6 Rb1 16. Bxe8 Qxe8 17. c4 Qc6 18. Qe2 h6 19. Nf3 e4 20. dxe4 {1-0 (28) Polihroniade,E (2110)-Khadilkar,V Thessaloniki 1984}) 13... Bc5 {[%emt 0:11:02]} (13... f6 $11 {remains equal.}) 14. Rb5 {[%emt 0:07:10]} Bb6 {[%emt 0:06:08]} 15. Bxc6 {[%emt 0:14:09]} bxc6 {[%emt 0:00:06]} 16. Rxe5 {[%emt 0:00:12]} Qd7 {[%emt 0:03:21]} 17. g4 {[%emt 0:05:44]} f6 {[%emt 0:04:45]} 18. Re4 {[%emt 0:01:56]} Bf7 {[%emt 0:02:21]} 19. c4 {[%emt 0:02:25]} h5 {[%emt 0:05:00]} 20. Kh1 {[%emt 0:18:28]} Rxe4 {[%emt 0:04:37]} 21. Qxe4 {[%emt 0:00:07]} Re8 {[%emt 0:00:06]} 22. Qf3 {[%emt 0:01:09]} hxg4 {[%emt 0:06:26]} 23. hxg4 {[%emt 0:00:04]} Be6 {[%emt 0:00:58]} 24. Rg1 {[%emt 0:06:53]} Kf7 {[%emt 0:07:51]} 25. Nf5 {[%emt 0:00:25]} Rh8+ {[%emt 0:08:58]} 26. Kg2 {[%emt 0:00:06]} Bxf5 $16 {[%emt 0:03:06]} 27. gxf5 {[%emt 0:01:49]} Qd4 {[%emt 0:01:40]} 28. Be3 {[%emt 0:02:44]} Qe5 {[%emt 0:00:26]} 29. Rh1 {[%emt 0:08:22]} Rxh1 {[%emt 0:00:32]} 30. Kxh1 {[%emt 0:00:01]} Bxe3 {[%emt 0:01:07]} 31. fxe3 {[%emt 0:01:39]} Qa1+ {[%emt 0:00:19]} 32. Kg2 {[%emt 0:00:08]} Qxa2 {[%emt 0:00:08]} 33. Qxc6 {[%emt 0:03:56]} Qxc2+ {[%emt 0:00:25]} 34. Kg3 {[%emt 0:00:36]} Qxd3 {[%emt 0:00:29]} 35. Qxc7+ {[%emt 0:00:20]} Kg8 {[%emt 0:00:26]} 36. Qxa7 {[%emt 0:01:07]} Qxc4 {[%emt 0:01:09]} 37. Qa8+ {[%emt 0:00:16]} Kh7 {[%emt 0:00:23]} 38. Qh1+ {[%emt 0:00:04]} Kg8 {[%emt 0:00:04]} 39. Qa8+ {[%emt 0:01:06]} Kh7 {[%emt 0:00:05]} 40. Qh1+ {[%emt 0:00:00]} 1/2-1/2